| 000 | 00000nam##2200000za#4500 |
| 001 | 9.675220 |
| 003 | CaOODSP |
| 005 | 20210624225145 |
| 007 | cr ||||||||||| |
| 008 | 150407|2008||||xxc|||||o f|0| 0 fre|d |
| 040 | |aCaOODSP|bfre |
| 041 | |aeng |
| 041 | |afre |
| 043 | |an-cn--- |
| 086 | 1 |aNH15-463/2008-PDF |
| 110 | 1 |aCanada.|bSociété canadienne d'hypothèques et de logement. |bCentre canadien de documentation sur l'habitation. |
| 245 | 10|aBibliographie sur les sans-abri |h[ressource électronique] |
| 250 | |aRév. février 2008 |
| 260 | |aOttawa - Ontario : |bSociété canadienne d'hypothèques et de logement. |cFebruary 2008. |
| 300 | |a90p. |
| 590 | |a11-27-Supp|b2011-11-15 |
| 691 | 07|aSans-abri|2gcpds |
| 791 | |tBibliography on homelessness |eeng|w(CaOODSP)9.675219 |
| 856 | 40|ahttp://publications.gc.ca|qPDF|s167 Ko|uhttps://publications.gc.ca/collections/collection_2011/schl-cmhc/NH15-463-2008.pdf |